000 00534nam a22001817a 4500
005 20251108180001.0
008 250721s2013 xx 000 0 ara d
082 1 4 _a883/هوم
100 1 _aخشبة، دريني
_eمترجم
245 1 0 _aالأوديسة /
264 1 _aالقاهرة :
_bالتنوير للطباعة والنشر والتوزيع،
_c2013.
300 _a240ص.
650 1 7 _aالادب اليوناني
650 1 7 _aالملاحم
700 1 _aهوميروس،
942 _2ddc
_cBK
999 _c147032
_d147032